| Tag |
First Indicator |
Second Indicator |
Subfields |
| LEADER |
00000cam a2200000M 4500 |
| 001 |
in00003917618 |
| 005 |
20180718084824.0 |
| 008 |
161026s2018 enk 000 0 eng d |
| 020 |
|
|
|a 1138632538
|
| 020 |
|
|
|a 9781138632530
|
| 035 |
|
|
|a (OCoLC)ocn961008262
|
| 040 |
|
|
|a YDX
|c YDX
|d COO
|d BWK
|d UtOrBLW
|
| 049 |
|
|
|a TXAM
|
| 090 |
|
|
|a CC80.6
|b .M33 2018
|
| 100 |
1 |
|
|a McCall, Grant S.
|0 http://id.loc.gov/authorities/names/n2010044251
|
| 245 |
1 |
0 |
|a Strategies for qunatitative research :
|b archaeology by numbers /
|c Grant S. McCall.
|
| 264 |
|
1 |
|a London ;
|a New York :
|b Routledge,
|c 2018.
|
| 300 |
|
|
|a xix, 224 pages :
|b illustrations ;
|c 26 cm.
|
| 336 |
|
|
|a text
|b txt
|2 rdacontent
|
| 337 |
|
|
|a unmediated
|b n
|2 rdamedia
|
| 504 |
|
|
|a Includes bibliographical references and index.
|
| 650 |
|
0 |
|a Archaeology
|x Methodology.
|0 http://id.loc.gov/authorities/subjects/sh85006509
|
| 650 |
|
0 |
|a Quantitiative research.
|
| 945 |
|
|
|b 489139
|
| 947 |
|
|
|a A14850294373
|
| 948 |
|
|
|a cataloged
|b h
|c 2018/4/9
|d c
|e dmitchel
|f 9:20:10 am
|
| 994 |
|
|
|a 92
|b TXA
|
| 999 |
f |
f |
|s c9536a75-87c6-34ef-a5b5-b89cfd72be28
|i 4055659d-d83c-38aa-a296-a2de50f22886
|t 0
|
| 952 |
f |
f |
|p normal
|a Texas A&M University
|b College Station
|c Sterling C. Evans Library
|s Evans stk
|d Evans: Library Stacks
|t 0
|e CC80.6 .M33 2018
|h Library of Congress classification
|i unspecified -- unspecified
|m A14850294373
|
| 998 |
f |
f |
|a CC80.6 .M33 2018
|t 0
|l Evans: Library Stacks
|